台湾神灵 (Record no. 36140)

000 -LEADER
fixed length control field 00467nam a22001817a 4500
003 - CONTROL NUMBER IDENTIFIER
control field MPLRDC
005 - DATE AND TIME OF LATEST TRANSACTION
control field 20220104143041.0
008 - FIXED-LENGTH DATA ELEMENTS--GENERAL INFORMATION
fixed length control field 210129b ||||| |||| 00| 0 eng d
020 ## - INTERNATIONAL STANDARD BOOK NUMBER
International Standard Book Number 7-80195-601-X
082 ## - DEWEY DECIMAL CLASSIFICATION NUMBER
Classification number 272.27 YAL
100 ## - MAIN ENTRY--PERSONAL NAME
Personal name 严安林、盛九元、胡云华 编著
245 ## - TITLE STATEMENT
Title 台湾神灵
Statement of responsibility, etc.
250 ## - EDITION STATEMENT
Edition statement 一版一刷
260 ## - PUBLICATION, DISTRIBUTION, ETC.
Place of publication, distribution, etc. 中国
Name of publisher, distributor, etc. 九州出版社
Date of publication, distribution, etc. 2007
300 ## - PHYSICAL DESCRIPTION
Other physical details 263
650 ## - SUBJECT ADDED ENTRY--TOPICAL TERM
Topical term or geographic name entry element 中国祠祀、寺庙
942 ## - ADDED ENTRY ELEMENTS (KOHA)
Koha item type Book
-- 272.27 YAL
Holdings
Withdrawn status Lost status Source of classification or shelving scheme Damaged status Not for loan Collection code Home library Current library Shelving location Date acquired Cost, normal purchase price Total Checkouts Full call number Barcode Date last seen Date last checked out Price effective from Koha item type Public note
            Malaysian Public Library, Research and Development Centre Malaysian Public Library, Research and Development Centre   10/12/2007 48.00   272.27 YAL 00036254 18/03/2021 23/04/2013 18/03/2021 Book mplrdc

© 2022. Malaysian Public Library, Research and Development Centre. All Right ReservedE-mailmplrdc@help.edu.my 

Powered by Koha